[Event "World Cup 2019"]
[Site "Khanty-Mansiysk"]
[Date "2019.09.14"]
[Round "10.24"]
[White "Xu Xiangyu (CHN)"]
[Black "Inarkiev Ernesto (RUS)"]
[Result "1-0"]
[BlackElo "2693"]
[WhiteElo "2576"]
[LiveChessVersion "1.4.8"]

1. d4 {[%clk 1:30:57]} Nf6 {[%clk 1:30:55]} 2. c4 {[%clk 1:31:21]} e6
{[%clk 1:31:20]} 3. Nc3 {[%clk 1:31:45]} Bb4 {[%clk 1:31:45]} 4. Nf3
{[%clk 1:32:08]} b6 {[%clk 1:32:02]} 5. Bd2 {[%clk 1:32:02]} O-O {[%clk 1:32:06]}
6. e3 {[%clk 1:32:27]} c5 {[%clk 1:31:00]} 7. Bd3 {[%clk 1:29:51]} Ba6
{[%clk 1:19:55]} 8. a3 {[%clk 1:26:31]} Bxc3 {[%clk 1:19:46]} 9. Bxc3
{[%clk 1:26:53]} d5 {[%clk 1:11:19]} 10. dxc5 {[%clk 1:22:26]} dxc4
{[%clk 1:08:48]} 11. Bc2 {[%clk 1:22:38]} Nbd7 {[%clk 1:07:49]} 12. cxb6 axb6 13.
h4 {[%clk 0:54:27]} Qc7 {[%clk 0:55:39]} 14. Qd4 {[%clk 0:46:21]} Rfd8
{[%clk 0:46:32]} 15. h5 {[%clk 0:38:23]} h6 {[%clk 0:46:24]} 16. Rh3
{[%clk 0:38:05]} Kf8 {[%clk 0:34:09]} 17. Rg3 {[%clk 0:23:28]} Bb7
{[%clk 0:25:18]} 18. Qh4 {[%clk 0:22:27]} Qd6 {[%clk 0:17:30]} 19. Rd1
{[%clk 0:21:22]} Qe7 {[%clk 0:17:57]} 20. Qxc4 {[%clk 0:15:48]} Nc5
{[%clk 0:12:34]} 21. Rxd8+ {[%clk 0:14:34]} Rxd8 {[%clk 0:12:09]} 22. Qh4
{[%clk 0:12:22]} Be4 {[%clk 0:09:25]} 23. Rxg7 {[%clk 0:07:27]} Kxg7
{[%clk 0:00:46]} 24. Bxe4 {[%clk 0:07:52]} Ncd7 {[%clk 0:00:53]} 25. Ne5
{[%clk 0:07:25]} Rc8 {[%clk 0:00:39]} 26. Nxd7 {[%clk 0:05:14]} Rxc3
{[%clk 0:01:07]} 27. Qg3+ {[%clk 0:05:29]} Kh8 {[%clk 0:01:27]} 28. Nxf6
{[%clk 0:05:54]} Qxf6 {[%clk 0:00:42]} 29. bxc3 {[%clk 0:06:09]} Qxc3+
{[%clk 0:01:11]} 30. Ke2 {[%clk 0:06:31]} f5 {[%clk 0:00:42]} 31. Bd3
{[%clk 0:06:32]} Qb2+ {[%clk 0:00:42]} 32. Kf3 {[%clk 0:06:58]} Qxa3
{[%clk 0:01:09]} 33. Qe5+ {[%clk 0:07:10]} Kh7 {[%clk 0:01:38]} 34. Qc7+
{[%clk 0:07:03]} Kg8 {[%clk 0:02:01]} 35. Qd8+ {[%clk 0:06:50]} Kf7
{[%clk 0:02:30]} 36. Bc4 {[%clk 0:06:32]} Qa4 {[%clk 0:01:56]} 37. Qc8
{[%clk 0:05:31]} Qd1+ {[%clk 0:02:08]} 38. Kf4 {[%clk 0:05:58]} Qd6+
{[%clk 0:01:19]} 39. Kf3 {[%clk 0:06:03]} Qd1+ {[%clk 0:01:17]} 40. Be2
{[%clk 0:36:15]} Qd5+ {[%clk 0:30:47]} 41. Kg3 {[%clk 0:36:39]} Qe5+
{[%clk 0:31:10]} 42. Kh3 {[%clk 0:36:58]} Qb2 {[%clk 0:30:41]} 43. Bc4
{[%clk 0:36:46]} Qe5 {[%clk 0:30:19]} 44. Qd7+ {[%clk 0:37:12]} Kf6
{[%clk 0:30:32]} 45. Qd8+ {[%clk 0:37:37]} Kf7 {[%clk 0:30:57]} 46. Qxb6
{[%clk 0:38:03]} 1-0

[Event "World Cup 2019"]
[Site "Khanty-Mansiysk"]
[Date "2019.09.15"]
[Round "14.2"]
[White "McShane Luke J (ENG)"]
[Black "Yuffa Daniil (RUS)"]
[Result "1-0"]
[BlackElo "2577"]
[WhiteElo "2682"]
[LiveChessVersion "1.4.8"]

1. e4 {[%clk 0:10:17]} c6 {[%clk 0:10:19]} 2. Nf3 {[%clk 0:10:26]} d5
{[%clk 0:10:28]} 3. Nc3 {[%clk 0:10:35]} Bg4 {[%clk 0:10:37]} 4. h3
{[%clk 0:10:44]} Bxf3 {[%clk 0:10:45]} 5. Qxf3 {[%clk 0:10:53]} e6
{[%clk 0:10:54]} 6. Qg3 {[%clk 0:11:02]} Nf6 {[%clk 0:09:55]} 7. d3
{[%clk 0:10:02]} Nh5 {[%clk 0:09:37]} 8. Qf3 {[%clk 0:10:04]} Nf6
{[%clk 0:09:44]} 9. a3 {[%clk 0:09:44]} Qa5 {[%clk 0:09:16]} 10. Bd2
{[%clk 0:09:40]} Qb6 {[%clk 0:09:25]} 11. Ra2 {[%clk 0:09:20]} Nbd7
{[%clk 0:08:58]} 12. g3 {[%clk 0:09:27]} Be7 {[%clk 0:07:21]} 13. Bg2
{[%clk 0:09:35]} O-O {[%clk 0:07:19]} 14. O-O {[%clk 0:09:43]} a5
{[%clk 0:07:10]} 15. Kh2 {[%clk 0:08:48]} a4 {[%clk 0:07:05]} 16. Qe2
{[%clk 0:08:25]} dxe4 {[%clk 0:06:53]} 17. dxe4 {[%clk 0:08:34]} Rfd8
{[%clk 0:06:26]} 18. f4 {[%clk 0:07:53]} Qa6 {[%clk 0:05:15]} 19. Qe1
{[%clk 0:07:34]} Nc5 {[%clk 0:04:18]} 20. Ra1 {[%clk 0:07:34]} Rd7
{[%clk 0:04:01]} 21. Rf2 {[%clk 0:06:28]} Rad8 {[%clk 0:03:43]} 22. Bc1
{[%clk 0:06:22]} Qb6 {[%clk 0:03:25]} 23. Rb1 {[%clk 0:06:10]} Qc7
{[%clk 0:01:19]} 24. Be3 {[%clk 0:05:51]} b5 {[%clk 0:01:18]} 25. Re2
{[%clk 0:05:57]} Nb7 {[%clk 0:01:06]} 26. Qf2 {[%clk 0:05:57]} Re8
{[%clk 0:00:49]} 27. g4 {[%clk 0:05:45]} g6 {[%clk 0:00:58]} 28. Kh1
{[%clk 0:05:38]} Qb8 {[%clk 0:00:39]} 29. Rf1 {[%clk 0:05:41]} Na5
{[%clk 0:00:40]} 30. Bc1 {[%clk 0:05:37]} Nc4 {[%clk 0:00:41]} 31. e5
{[%clk 0:05:24]} Nd5 {[%clk 0:00:44]} 32. Ne4 {[%clk 0:05:33]} Bf8
{[%clk 0:00:32]} 33. h4 {[%clk 0:05:29]} b4 {[%clk 0:00:17]} 34. axb4
{[%clk 0:05:35]} Qxb4 {[%clk 0:00:25]} 35. h5 {[%clk 0:05:30]} Bg7
{[%clk 0:00:29]} 36. g5 {[%clk 0:04:43]} Ne7 {[%clk 0:00:26]} 37. h6
{[%clk 0:04:34]} Bh8 {[%clk 0:00:34]} 38. Qc5 {[%clk 0:04:18]} Qb5
{[%clk 0:00:19]} 39. b3 {[%clk 0:03:54]} axb3 {[%clk 0:00:19]} 40. Qxb5
{[%clk 0:04:02]} cxb5 {[%clk 0:00:27]} 41. cxb3 {[%clk 0:04:11]} Nb6
{[%clk 0:00:23]} 42. Rd2 {[%clk 0:02:16]} Nbd5 {[%clk 0:00:23]} 43. Ba3
{[%clk 0:02:01]} Nf5 {[%clk 0:00:31]} 44. Kh2 {[%clk 0:01:51]} Ra7
{[%clk 0:00:29]} 45. Bc5 {[%clk 0:01:59]} Ra6 {[%clk 0:00:24]} 46. Bh3
{[%clk 0:01:58]} Nxf4 {[%clk 0:00:18]} 47. Rxf4 {[%clk 0:01:32]} Bxe5
{[%clk 0:00:27]} 48. Rdf2 {[%clk 0:01:41]} Rd8 {[%clk 0:00:16]} 49. Kg2
{[%clk 0:01:37]} Bxf4 {[%clk 0:00:24]} 50. Rxf4 {[%clk 0:01:46]} Ra2+
{[%clk 0:00:33]} 51. Rf2 {[%clk 0:01:42]} Rxf2+ {[%clk 0:00:32]} 52. Kxf2
{[%clk 0:01:42]} Rc8 {[%clk 0:00:15]} 53. Nf6+ {[%clk 0:01:30]} Kh8
{[%clk 0:00:23]} 54. b4 {[%clk 0:01:38]} Rd8 {[%clk 0:00:25]} 55. Bf1
{[%clk 0:01:28]} Nd4 {[%clk 0:00:27]} 56. Ke3 {[%clk 0:01:24]} Nf5+
{[%clk 0:00:35]} 57. Kf4 {[%clk 0:01:22]} Nd4 {[%clk 0:00:28]} 58. Ke4
{[%clk 0:01:29]} e5 {[%clk 0:00:24]} 59. Kxe5 {[%clk 0:01:29]} Ne6
{[%clk 0:00:15]} 60. Ne4 {[%clk 0:01:22]} Rb8 {[%clk 0:00:15]} 61. Bd6
{[%clk 0:01:27]} Rb6 {[%clk 0:00:20]} 62. Bh3 {[%clk 0:01:31]} Nxg5
{[%clk 0:00:18]} 63. Nxg5 {[%clk 0:01:10]} f6+ {[%clk 0:00:27]} 64. Kd5
{[%clk 0:01:11]} fxg5 {[%clk 0:00:29]} 65. Be6 {[%clk 0:01:15]} Rxd6+
{[%clk 0:00:30]} 66. Kxd6 {[%clk 0:01:24]} g4 {[%clk 0:00:37]} 67. Kc5
{[%clk 0:01:08]} g3 {[%clk 0:00:46]} 68. Bd5 {[%clk 0:01:17]} 1-0

[Event "World Cup 2019"]
[Site "Khanty-Mansiysk"]
[Date "2019.09.23"]
[Round "34.4"]
[White "Vitiugov Nikita (RUS)"]
[Black "Yu Yangyi (CHN)"]
[Result "1/2-1/2"]
[BlackElo "2763"]
[WhiteElo "2732"]
[LiveChessVersion "1.4.8"]

1. e4 {[%clk 1:30:43]} c5 {[%clk 1:30:39]} 2. Nf3 {[%clk 1:31:03]} d6
{[%clk 1:30:52]} 3. d4 {[%clk 1:31:13]} cxd4 {[%clk 1:31:11]} 4. Nxd4
{[%clk 1:31:38]} Nf6 {[%clk 1:31:24]} 5. Nc3 {[%clk 1:32:00]} a6 {[%clk 1:31:23]}
6. g3 {[%clk 1:30:45]} e5 {[%clk 1:28:33]} 7. Nde2 {[%clk 1:30:36]} Be7
{[%clk 1:28:48]} 8. Bg2 {[%clk 1:30:58]} O-O {[%clk 1:28:54]} 9. O-O
{[%clk 1:31:02]} b5 {[%clk 1:26:55]} 10. Nd5 {[%clk 1:29:55]} Nxd5
{[%clk 1:25:59]} 11. Qxd5 {[%clk 1:30:13]} Ra7 {[%clk 1:26:22]} 12. Be3
{[%clk 1:25:32]} Rb7 {[%clk 1:25:56]} 13. Qd2 {[%clk 1:16:23]} Nd7
{[%clk 1:22:40]} 14. Nc3 {[%clk 1:15:02]} Nf6 {[%clk 1:22:33]} 15. Bg5
{[%clk 1:11:24]} Be6 {[%clk 1:21:17]} 16. Bxf6 {[%clk 1:09:40]} Bxf6
{[%clk 1:18:59]} 17. Nd5 {[%clk 1:10:03]} Bg5 {[%clk 1:17:30]} 18. Qd3
{[%clk 1:10:19]} a5 {[%clk 1:09:48]} 19. a3 {[%clk 1:05:45]} Qc8 {[%clk 1:04:19]}
20. c3 {[%clk 1:03:43]} Qc6 {[%clk 0:50:57]} 21. Rfd1 {[%clk 0:59:03]} Kh8
{[%clk 0:44:57]} 22. Qe2 {[%clk 0:58:08]} Qc4 {[%clk 0:40:58]} 23. Qh5
{[%clk 0:54:18]} Bh6 {[%clk 0:40:12]} 24. Qf3 {[%clk 0:47:42]} Qb3
{[%clk 0:34:42]} 25. Qe2 {[%clk 0:46:21]} Qc4 {[%clk 0:35:05]} 26. Qc2
{[%clk 0:37:30]} f5 {[%clk 0:30:26]} 27. b3 {[%clk 0:37:16]} Qc5 {[%clk 0:28:59]}
28. b4 {[%clk 0:37:03]} Qa7 {[%clk 0:26:15]} 29. exf5 {[%clk 0:33:27]} Bxf5
{[%clk 0:26:38]} 30. Qe2 {[%clk 0:32:09]} Rbf7 {[%clk 0:26:37]} 31. Rf1
{[%clk 0:28:04]} Be6 {[%clk 0:25:33]} 32. Qxb5 {[%clk 0:18:16]} Rxf2
{[%clk 0:23:08]} 33. Kh1 {[%clk 0:17:37]} Qa8 {[%clk 0:11:27]} 34. Rxf2
{[%clk 0:06:36]} Rxf2 {[%clk 0:11:52]} 35. Nf4 {[%clk 0:05:05]} Rxg2
{[%clk 0:12:16]} 36. Nxg2 {[%clk 0:05:31]} axb4 {[%clk 0:12:40]} 37. Qxb4
{[%clk 0:03:25]} Bd5 {[%clk 0:09:06]} 38. Qb2 {[%clk 0:03:44]} Be3
{[%clk 0:08:01]} 39. a4 {[%clk 0:01:36]} h6 {[%clk 0:07:04]} 40. h3
{[%clk 0:31:26]} Bc5 {[%clk 0:30:34]} 41. Kh2 {[%clk 0:25:41]} Bc4
{[%clk 0:24:24]} 42. Qc2 {[%clk 0:25:41]} Qf3 {[%clk 0:19:32]} 43. Nh4
{[%clk 0:21:41]} Qe3 {[%clk 0:20:26]} 44. Ng2 {[%clk 0:10:48]} 1/2-1/2